| 000 | 00685nam a2200217 i 4500 | ||
|---|---|---|---|
| 001 | 103637 | ||
| 003 | ES-MaACL | ||
| 005 | 20240409154138.0 | ||
| 007 | t| | ||
| 008 | 060426s1956 mx ||||1| spa d | ||
| 080 | _a821.134.2(729.5)(082.2) | ||
| 245 | 0 | 0 |
_aPoesía puertorriqueña / _cselección por Carmen Gómez Tejera, Ana María Losada, Jorge Luis Porras. |
| 260 |
_aMéxido : _bOrion, _c1956. |
||
| 300 |
_a425 p. ; _c19 cm. |
||
| 650 | 4 |
_aPoesía puertorriqueña _916155 |
|
| 700 | 1 |
_aGómez Tejera, Carmen. _958166 |
|
| 700 | 1 |
_aLosada, Ana María. _974247 |
|
| 700 | 1 |
_aPorras, Jorge Luis. _993142 |
|
| 852 |
_aES-MaACL _jC-56864 _bR.137502 |
||
| 999 |
_c103637 _d103637 |
||